000 01489cam a2200373 a 4500
001 739945
003 OSt
005 20140310184424.0
008 990114s2000 nyua b 001 0deng
010 _a 99012388
020 _a0439265924
040 _aDLC
_cDLC
042 _alcac
043 _an-us-dc
_an-us---
050 0 0 _aF 204.W5
_b.K37 2001
100 1 _aKarr, Kathleen.
_919216
245 1 0 _aIt happened in the White House :
_bextraordinary tales from America's most famous home /
_cKathleen Karr ; illustrated by Paul Meisel.
250 _a1st ed.
260 _aNew York :
_bHyperion Books for Children,
_c2001
300 _a112 p. :
_bill. ;
_c23 cm.
504 _aIncludes bibliographical references (p. 106-108) and index.
520 _aTrue stories and facts about the White House.
521 _aG6
526 _c870
562 _e1
610 2 0 _aWhite House (Washington, D.C.)
_xMiscellanea
_xJuvenile literature.
_926882
650 0 _aPresidents
_zUnited States
_xMiscellanea
_xJuvenile literature.
_926883
651 0 _aWashington (D.C.)
_xBuildings, structures, etc.
_xMiscellanea
_xJuvenile literature.
_926884
700 1 _aMeisel, Paul.
_926885
906 _a7
_bcbc
_corignew
_d1
_eocip
_f19
_gy-gencatlg
942 _2lcc
_cBK-SCHOLAS
999 _c34294
_d34294